Natura i contingut de la llegítima en el dret civil català / M. Encarna Roca i Trias
Descripción Física:
250 p. ; 24'5 cm
MARC
| LEADER | 00000nam a2200000Ia 4500 | ||
|---|---|---|---|
| 001 | 11377 | ||
| 008 | 160829s1975 xx 000 0 cat d | ||
| 080 | |a D-1-32 | ||
| 100 | |a Roca i Trias, Encarna |9 42185 | ||
| 245 | |a Natura i contingut de la llegítima en el dret civil català / M. Encarna Roca i Trias | ||
| 260 | |a Barcelona : |b Institut d'Estudis Catalans : |b Càtedra Duran i Bas, |c 1975 | ||
| 300 | |a 250 p. ; |c 24'5 cm | ||
| 490 | |a Treballs de la Secció de Filosofia i Ciències Socials ; 4 | ||
| 590 | |a Premi Antoni M. Borrell i Soler, 1973 | ||
| 650 | |a Llegítima |x Catalunya |9 32467 | ||
| 650 | 0 | |a Dret civil |z Catalunya |9 10507 | |
| 710 | 2 | |a Institut d'Estudis Catalans |9 52284 | |
| 901 | |a Arxiu | ||
| 942 | |n 1 | ||
| 952 | |0 0 |1 0 |4 0 |6 D132 |7 1 |9 45993 |a Arxiu |b Arxiu |d 2016-12-01 |l 0 |o D-1-32 |p 11377 |r 2016-12-01 00:00:00 |w 2016-12-01 |y ARXIU | ||
| 999 | |c 49494 |d 49494 | ||